000 00631nam a2200217Ia 4500
003 OSt
005 20220926041237.0
006 a|||||r|||| 00| 0
007 ta
008 220923b |||||||| |||| 00| 0 eng d
037 _cGeneral Book
040 _aRTL
_cRTL
_beng
041 _2eng
_aeng
082 _aY1:32.43591, J9-;1
100 _aDjamour Judith
_9315434
245 0 _aMalay kinship and marriage in Singapore.
260 _c1959
490 _aLondon school of economics ,monographs on social anthropology,21
942 _hY1:32.43591, J9-;1
_cGB
_2CC
999 _c666692
_d666692